|
|
|
|
| LEADER |
00000cas a22000002a 4500 |
| 001 |
vtls008326850 |
| 003 |
SK-MaSNL |
| 005 |
20260228155834.0 |
| 008 |
141119d19551989xo x 0 b0slo |
| 015 |
|
|
|a SKSNBA1958/11-01567 (no. 2/1958)
|
| 035 |
|
|
|a SK01SNK19580019067
|
| 035 |
|
|
|a SKM000021530
|
| 040 |
|
|
|a SNK
|b slo
|c SNK
|e AACR2
|
| 041 |
0 |
|
|a slo
|b rus
|b slo
|
| 044 |
|
|
|a xo
|
| 072 |
|
7 |
|a 52
|x Astronómia. Geodézia
|2 konspekt
|
| 080 |
|
|
|a 52
|2 2001
|
| 080 |
|
|
|a (082)
|2 2001
|
| 245 |
0 |
0 |
|a Práce Astronomického observatória na Skalnatom Plese
|
| 260 |
|
|
|a Tatranská Lomnica
|b Astronomický ústav Slovenskej akadémie vied
|c 1955-1989
|
| 300 |
|
|
|a zv.
|c 29 cm
|
| 310 |
|
|
|a 1x ročne
|
| 362 |
0 |
|
|a 1 (1955)-18 (1989)
|
| 650 |
0 |
7 |
|a astronómia
|2 SNKPH
|9 730
|
| 650 |
0 |
7 |
|a observatória
|2 SNKPH
|9 2388
|
| 655 |
|
7 |
|a zborníky
|2 SNKPH
|9 70165
|
| 785 |
0 |
0 |
|t Contributions of the Astronomical Observatory Skalnaté Pleso
|x 1335-1842
|w vtls008423582
|
| 910 |
|
|
|a snk
|
| 916 |
|
|
|a 1955, 1966, 1969, 1973, 1976, 1979-1981
|
| 958 |
|
|
|a NB
|
| 999 |
|
|
|c 716
|d 716
|
| 952 |
|
|
|0 0
|1 0
|4 0
|7 0
|a SNK
|b SNK
|d 2014-01-14
|f 1
|i snkKSP 2580/1996
|l 0
|o snkČSB 1593/3/1966
|p 17A0760712
|r 2026-02-21 19:44:04
|w 2026-02-21
|y PREZ
|
| 952 |
|
|
|0 0
|1 0
|4 0
|7 0
|a SNK
|b SNK
|d 2014-01-14
|f 1
|i snkKSP 2634/1969
|l 0
|o snkČSB 1593/4/1969
|p 17A0760748
|r 2026-02-21 19:44:04
|w 2026-02-21
|y PREZ
|
| 952 |
|
|
|0 0
|1 0
|4 0
|7 0
|a SNK
|b SNK
|d 2014-01-14
|f 1
|i snkKSP 3557/75
|l 0
|o snkČSB 1593/5/1973
|p 17A0760747
|r 2026-02-21 19:44:23
|w 2026-02-21
|y PREZ
|
| 952 |
|
|
|0 0
|1 0
|4 0
|7 0
|a SNK
|b SNK
|d 2014-01-14
|f 1
|i snkKSP 3864/1977
|l 0
|o snkČSB 1593/6/1976
|p 17A0760746
|r 2026-02-21 19:44:23
|w 2026-02-21
|y PREZ
|
| 952 |
|
|
|0 0
|1 0
|4 0
|7 0
|a SNK
|b SNK
|d 2014-01-14
|f 1
|i snkKSP 6888/1976
|l 0
|o snkČSB 1593/7/1976
|p 17A0760745
|r 2026-02-21 19:44:23
|w 2026-02-21
|y PREZ
|
| 952 |
|
|
|0 0
|1 0
|4 0
|7 0
|a SNK
|b SNK
|d 2014-01-14
|f 1
|i snkKSP 4681/1979
|l 0
|o snkČSB 1593/8/1979
|p 17A0760744
|r 2026-02-21 19:44:24
|w 2026-02-21
|y PREZ
|
| 952 |
|
|
|0 0
|1 0
|4 0
|7 0
|a SNK
|b SNK
|d 2014-01-14
|f 1
|i snkKSP 3951/1980
|l 0
|o snkČSB 1593/9/1980
|p 17A0760743
|r 2026-02-21 19:44:24
|w 2026-02-21
|y PREZ
|
| 952 |
|
|
|0 0
|1 0
|4 0
|7 0
|a SNK
|b SNK
|d 2014-01-14
|f 1
|i snkKSP 8205/81
|l 0
|o snkČSB 1593/10/1981
|p 17A0857377
|r 2026-02-21 19:44:24
|w 2026-02-21
|y PREZ
|
| 952 |
|
|
|0 0
|1 0
|4 0
|7 0
|8 5
|a SNK
|b SNK
|d 2014-01-14
|f 1
|i snkF 3554/88
|l 0
|o snkČSB 1593/1/1955
|p 17A1087272
|r 2026-02-21 19:44:24
|w 2026-02-21
|y PREZ
|
| 952 |
|
|
|0 0
|1 0
|4 0
|7 0
|a SNK
|b SNK
|d 2014-01-14
|i snkKSP 3558/1975
|l 0
|o snkČSB 1593/5/1973 D1
|p 17A1087273
|r 2026-02-21 19:44:24
|w 2026-02-21
|y PREZ
|
| 952 |
|
|
|0 0
|1 0
|4 0
|7 0
|a SNK
|b SNK
|d 2014-01-14
|i snkKSP 3865/1977
|l 0
|o snkČSB 1593/6/1976 D1
|p 17A1087274
|r 2026-02-21 19:44:24
|w 2026-02-21
|y PREZ
|
| 952 |
|
|
|0 0
|1 0
|4 0
|7 0
|a SNK
|b SNK
|d 2014-01-14
|i snkKSP 6887/1976
|l 0
|o snkČSB 1593/7/1976 D1
|p 17A1087275
|r 2026-02-21 19:44:24
|w 2026-02-21
|y PREZ
|
| 952 |
|
|
|0 0
|1 0
|4 0
|7 0
|a SNK
|b SNK
|d 2014-01-14
|i snkKSP 4682/1979
|l 0
|o snkČSB 1593/8/1979 D1
|p 17A1087276
|r 2026-02-21 19:44:24
|w 2026-02-21
|y PREZ
|
| 952 |
|
|
|0 0
|1 0
|4 0
|7 0
|a SNK
|b SNK
|d 2014-01-14
|i snkKSP 3952/1980
|l 0
|o snkČSB 1593/9/1980 D1
|p 17A1087277
|r 2026-02-21 19:44:24
|w 2026-02-21
|y PREZ
|
| 952 |
|
|
|0 0
|1 0
|4 0
|7 0
|a SNK
|b SNK
|d 2014-01-14
|i snkKSP 8206/81
|l 0
|o snkČSB 1593/10/1981 D1
|p 17A1087278
|r 2026-02-21 19:44:24
|w 2026-02-21
|y PREZ
|
| 952 |
|
|
|0 0
|1 0
|4 0
|7 0
|a SNK
|b SNK
|d 2004-11-26
|i snkKSP 2581/66
|l 0
|o snkČSB 1593/3/1966 D1
|p 17A0447608
|r 2004-12-31 00:00:00
|w 2026-02-21
|y PREZ
|
| 952 |
|
|
|0 0
|1 0
|4 0
|7 0
|a SNK
|b SNK
|d 2004-11-26
|i snkKSP 2635/69
|l 0
|o snkČSB 1593/4/1969 D1
|p 17A0447802
|r 2004-12-31 00:00:00
|w 2026-02-21
|y PREZ
|